Statistics for Countries Whose Name Is The Same In Dutch

Click here to take the quiz!

General Stats

  • This quiz has been taken 40 times
  • The average score is 47 of 90

Answer Stats

Country% Correct
Finland
82%
Canada
76%
Peru
76%
China
74%
Mexico
74%
Uruguay
74%
Bolivia
71%
Cuba
71%
Paraguay
71%
Suriname
71%
Venezuela
71%
Colombia
68%
Guyana
65%
India
65%
Portugal
65%
Ghana
62%
Haiti
62%
Monaco
62%
Niger
62%
Oman
62%
Afghanistan
59%
Andorra
59%
Iran
59%
Jamaica
59%
Japan
59%
Liechtenstein
59%
Nicaragua
59%
Nigeria
59%
Pakistan
59%
Panama
59%
San Marino
59%
Thailand
59%
Benin
56%
Costa Rica
56%
Ecuador
56%
Fiji
56%
Mali
56%
Tonga
56%
Vietnam
56%
Honduras
53%
Laos
53%
Malta
53%
Qatar
53%
Togo
53%
Tuvalu
53%
Zimbabwe
53%
Belize
50%
Botswana
50%
Cyprus
50%
El Salvador
50%
Nepal
50%
Samoa
50%
Senegal
50%
Barbados
47%
Dominica
47%
Gambia
47%
Grenada
47%
Guatemala
47%
Myanmar
47%
Nauru
47%
Palau
47%
Tanzania
47%
Vanuatu
47%
Zambia
47%
Kiribati
44%
Sri Lanka
44%
Angola
41%
Bhutan
41%
Gabon
41%
Malawi
41%
Micronesia
41%
Montenegro
41%
Singapore
41%
Djibouti
38%
Eritrea
38%
Eswatini
38%
Kosovo
38%
Mozambique
38%
Rwanda
38%
Turkmenistan
38%
Bangladesh
35%
Burkina Faso
35%
Burundi
35%
Lesotho
35%
Saint Lucia
35%
Sierra Leone
35%
Taiwan
35%
Brunei
26%
Mauritius
26%
Liberia
24%

Score Distribution

Percentile by Number Answered

Percent of People with Each Score

Your Score History

You have not taken this quiz